漢字を含まない五文字以上の駅名 - Statistics

General Stats
  • This quiz has been taken 51 times
  • The average score is 12 of 34
Answer Stats
都道府県 Answer % Correct
沖縄県 おもろまち
60%
栃木県 おもちゃのまち
58%
滋賀県 スクリーン
55%
大阪府 コスモスクエア
50%
佐賀県 バルーンさが
50%
長崎県 ハウステンボス
48%
千葉県 リゾートゲートウェイ・ステーション
48%
香川県 オレンジタウン
45%
東京都 とうきょうスカイツリー
45%
神奈川県 みなとみらい
45%
栃木県 あしかがフラワーパーク
43%
福岡県 スペースワールド
43%
東京都 テレコムセンター
43%
大阪府 フェリーターミナル
43%
千葉県 ベイサイド・ステーション
40%
兵庫県 アイランドセンター
38%
兵庫県 マリンパーク
35%
大阪府 ユニバーサルシティ
35%
福島県 Jヴィレッジ
33%
静岡県 アプトいちしろ
30%
兵庫県 ポートターミナル
30%
大阪府 りんくうタウン
30%
新潟県 うらがわら
28%
兵庫県 ハーバーランド
28%
長野県 テクノさかき
25%
岩手県 ほっとゆだ
25%
兵庫県 みなとじま
25%
愛知県 ささしまライブ
23%
千葉県 スポーツセンター
23%
静岡県 フルーツパーク
23%
神奈川県 たまプラーザ
20%
福井県 ハーモニーホール
20%
兵庫県 フラワータウン
15%
長崎県 すえたちばな
13%
No matching quizzes found
Score Distribution
Percent of People with Each Score
Percentile by Number Answered
Your Score History
You have not taken this quiz